000 00672nam a2200193 a 4500
001 000040550
005 20201002034216.0
008 130830s2012 sp 000 0 spa d
020 _a9788469521137
040 _aDO-SdBNP
_bspa
_cBNPHU
100 1 _aVázquez Serrano, Carmen
_966872
245 1 0 _aAzheimer ¿Qué es eso?, ¿Qué hago? /
_cCarmen Vázquez Serrano, Francisca socorro López López, Camen Ríos Paredes.
260 _aMadrid :
_bGráficas Alhambra,
_c2012.
300 _a87 p. ;
_c22 cm.
504 _aBibliografía : p. 87
590 _aInventariado, 2019/VM
700 1 _aLópez López, Francisca Socorro
_966873
700 1 _aRíos Paredes, Carmen
_966874
999 _c40040
_d40040